English Words of Arabic Origin - Statistics

General Stats
  • This quiz has been taken 152 times
    117 since last reset
  • The average score is 5 of 8
Answer Stats
Definition Word % Correct
Tallest living terrestrial animal Giraffe
92%
Person who murders an important person for political or religious reasons Assassin
79%
Most expensive spice in the world Saffron
66%
Large oceanic bird with long wings Albatross
65%
Flat object which is put on a bed to make it comfortable to sleep on Mattress
64%
Colourless volatile flammable liquid Alcohol
49%
Antelope species Gazelle
31%
Ancient branch of natural philosophy Alchemy
26%
No matching quizzes found
Score Distribution
Percent of People with Each Score
Percentile by Number Answered
Your Score History
You have not taken this quiz since the last reset